|
|
|
|
| LEADER |
00000nbm0a2200000 4500 |
| 001 |
176450 |
| 005 |
20231031165310.0 |
| 029 |
0 |
0 |
|a SU
|b 72023125
|f ТПУ
|
| 035 |
|
|
|a (RuTPU)RU\TPU\book\191291
|
| 090 |
|
|
|a 176450
|
| 100 |
|
|
|a 20100301d1972 k y0rusy50 ca
|
| 101 |
0 |
|
|a rus
|
| 102 |
|
|
|a RU
|
| 105 |
|
|
|a a p 001zy
|
| 200 |
1 |
|
|a Усовершенствание методики отбора и исследования глубинных проб нефти месторождений Томского территориального геологического управления
|e Отчет о НИР
|e Тема: № 42/69
|f Томский политехнический институт (ТПИ) ; руководитель А. В. Аскарин
|
| 210 |
|
|
|a Томск
|d 1972
|
| 215 |
|
|
|a 230 л.
|
| 320 |
|
|
|a Библиогр.: с. 82.
|
| 610 |
1 |
|
|a отчеты о НИР
|
| 610 |
1 |
|
|a Томское территориальное геологическое управление
|
| 610 |
1 |
|
|a месторождения
|
| 610 |
1 |
|
|a нефть
|
| 610 |
1 |
|
|a глубинные пробы
|
| 610 |
1 |
|
|a отбор
|
| 610 |
1 |
|
|a исследование
|
| 610 |
1 |
|
|a усовершенствование
|
| 675 |
|
|
|a 553.982.03(04)
|v 3
|
| 702 |
|
1 |
|a Аскарин
|b А. В.
|4 673
|
| 712 |
0 |
2 |
|a Томский политехнический институт (ТПИ)
|c (1944-1991)
|2 stltpush
|3 (RuTPU)RU\TPU\col\1123
|4 595
|
| 801 |
|
1 |
|a RU
|b 63413507
|c 20100301
|
| 942 |
|
|
|c BK
|